| 000 | 01210nam a22003617a 4500 | ||
|---|---|---|---|
| 003 | CHAP | ||
| 005 | 20220329135925.0 | ||
| 008 | 971013s1972 r 00010 d | ||
| 010 | _a44199 | ||
| 011 | _a45171 | ||
| 035 | _a49310 | ||
| 040 | _cCHAP | ||
| 082 |
_a338.98 _bT3Y |
||
| 100 | 0 | 0 |
_aTannenbaun, Frank. _9111596 |
| 245 | _aInterpretación de Latinoamérica | ||
| 260 |
_aMéxico, D.F. : _bGrijalbo, _c1972 |
||
| 300 | _a155 p. | ||
| 490 | _aColección, 7, No. 124 | ||
| 590 |
_aBATCH-UPD _b10 _c20130110 _lUCH01 _h0142 |
||
| 590 |
_aBATCH-UPD _b10 _c20130110 _lUCH01 _h1856 |
||
| 590 |
_aBATCH-UPD _b10 _c20130409 _lUCH01 _h2140 |
||
| 590 |
_aBATCH-UPD _b10 _c20130410 _lUCH01 _h1225 |
||
| 590 |
_aBATCH-UPD _b10 _c20130914 _lUCH01 _h1006 |
||
| 590 |
_aCONVERSION _b10 _c20130109 _lUCH01 _h1324 |
||
| 650 | 1 | 4 |
_aAmerica Latina _xCondiciones economicas. _95390 |
| 650 | 1 | 4 |
_aAmerica Latina _xCondiciones sociales. _95395 |
| 650 | 1 | 4 |
_aAmerica Latina _xHistoria. _95401 |
| 830 | 0 |
_aColección, 7, No. 124 _925028 |
|
| 901 | _aBK | ||
| 942 | _cLIBRO | ||
| 949 |
_a338.98 T3Y _bBC _cLIBRO _d33724000384459 _eLIBRO _fc.2 _h46848 _i49310 _si |
||
| 949 |
_a338.98 T3Y _bBC _cLIBRO _d33724000384467 _eLIBRO _h46847 _i49310 _si |
||
| 999 |
_c44199 _d44199 |
||